00866nam a22001577a 4500003000900000008004100009040007100050082002000121100001600141245003500157260005800192300004400250505037100294650002100665650002200686AR-CdUCM190322b ||||| |||| 00| 0 spa d aMUNICIPALIDAD PROVINCIAL DEL CUSCOcBIBLIOTECA MUNICIPAL DEL CUSCO a869.5099 /bN56 aNieto, Luis aPoetas y escritores peruanos / aCuzco :bEdiciones sol y piedra,b"Garcilaso",c1957. a72 páginas ;bilustraciones ;c25 cm. aContenido: Abelardo M. Gamarra, "El Tunante" -- Juan Parra del Riego, el poeta de los polirritmos -- Ubicación de José Santos Chocano -- Clorinda Matto de Turner, la gran rebelde -- José Diez Canseco, criollista y planfletario -- Mariano Melgar, poeta y prócer -- Recuerdo de José Gálvez -- Ricardo Palma, nuestro tradicionista -- Me moriré en París. aAutores peruanos aBiobibliografía